|
|
|
|
| LEADER |
00000cam a22000004a 4500 |
| 001 |
musev2_82941 |
| 003 |
MdBmJHUP |
| 005 |
20230905052524.0 |
| 006 |
m o d |
| 007 |
cr||||||||nn|n |
| 008 |
000101s2001 azu o 00 0 eng d |
| 010 |
|
|
|z 2001001660
|
| 020 |
|
|
|a 9780816543977
|
| 020 |
|
|
|z 9780816521371
|
| 035 |
|
|
|a (OCoLC)1273306478
|
| 040 |
|
|
|a MdBmJHUP
|c MdBmJHUP
|
| 100 |
1 |
|
|a Egan, Linda.
|
| 245 |
1 |
0 |
|a Carlos Monsiváis :
|b Culture and Chronicle in Contemporary Mexico /
|c Linda Egan.
|
| 264 |
|
1 |
|a Tucson, Ariz. :
|b Univ. of Arizona Press,
|c 2001.
|
| 264 |
|
3 |
|a Baltimore, Md. :
|b Project MUSE,
|c 2021
|
| 264 |
|
4 |
|c ©2001.
|
| 300 |
|
|
|a 1 online resource (304 pages).
|
| 336 |
|
|
|a text
|b txt
|2 rdacontent
|
| 337 |
|
|
|a computer
|b c
|2 rdamedia
|
| 338 |
|
|
|a online resource
|b cr
|2 rdacarrier
|
| 588 |
|
|
|a Description based on print version record.
|
| 600 |
1 |
7 |
|a Monsiváis, Carlos.
|2 swd
|
| 600 |
1 |
7 |
|a Monsivais, Carlos.
|2 idszbz
|
| 600 |
1 |
7 |
|a Monsiváis, Carlos
|d 1938-2010
|2 gnd
|
| 600 |
1 |
7 |
|a Monsiváis, Carlos,
|d 1938-2010.
|2 fast
|0 (OCoLC)fst01754167
|
| 600 |
1 |
0 |
|a Monsiváis, Carlos,
|d 1938-2010
|x Knowledge
|x Mexico.
|
| 650 |
|
7 |
|a Kultur
|2 gnd
|
| 650 |
|
7 |
|a Kulturkritik
|2 gnd
|
| 650 |
|
7 |
|a Mexican essays.
|2 fast
|0 (OCoLC)fst01019201
|
| 650 |
|
0 |
|a Mexican essays
|y 20th century
|x History and criticism.
|
| 651 |
|
7 |
|a Mexiko.
|2 idszbz
|
| 651 |
|
7 |
|a Mexiko
|2 gnd
|
| 651 |
|
7 |
|a Mexico.
|2 fast
|0 (OCoLC)fst01211700
|
| 655 |
|
7 |
|a Criticism, interpretation, etc.
|2 fast
|0 (OCoLC)fst01411635
|
| 655 |
|
7 |
|a Electronic books.
|2 local
|
| 710 |
2 |
|
|a Project Muse.
|e distributor
|
| 830 |
|
0 |
|a Book collections on Project MUSE.
|
| 856 |
4 |
0 |
|z Texto completo
|u https://projectmuse.uam.elogim.com/book/82941/
|
| 945 |
|
|
|a Project MUSE - Custom Collection
|